| 000 | 00720nam a2200229 a 4500 | ||
|---|---|---|---|
| 001 | BRCA_5333 | ||
| 005 | 20190320205033.0 | ||
| 008 | 061210s1992----uk-a######---#000-0#eng-# | ||
| 020 | _a1850294461 | ||
| 041 | _aeng | ||
| 044 | _aUk | ||
| 050 | 4 |
_aN5208.5 _b.S68 1992 |
|
| 245 | 1 | 0 |
_aSotheby´s _bArt at Auction : The Art Market Review 1991-92. |
| 260 |
_aGran Bretaña _bConran Octopus _c1992 |
||
| 300 |
_a312 p. _bil. (algunas a color) _c28 cm. |
||
| 500 | _aIncluye glosario e índice alfabético | ||
| 500 | _aDonación Dr. Héctor Rivero Borrell Vázquez | ||
| 650 | 1 | 4 |
_aArte _xColeccionistas y colecciones _97445 |
| 650 | 1 | 4 |
_aSubastas _xColeccionistas y colecciones _910730 |
| 902 | _aDHR | ||
| 942 |
_2lcc _cB |
||
| 999 |
_c5027 _d5027 |
||